<?xml version="1.0" encoding="UTF-8"?>
<record
    xmlns:xsi="http://www.w3.org/2001/XMLSchema-instance"
    xsi:schemaLocation="http://www.loc.gov/MARC21/slim http://www.loc.gov/standards/marcxml/schema/MARC21slim.xsd"
    xmlns="http://www.loc.gov/MARC21/slim">

  <leader>00656nam a22001697a 4500</leader>
  <datafield tag="999" ind1=" " ind2=" ">
    <subfield code="c">62560</subfield>
    <subfield code="d">62560</subfield>
  </datafield>
  <controlfield tag="005">20241206151507.0</controlfield>
  <controlfield tag="008">241206s2022    ru ||||| |||| 00| 0 rus d</controlfield>
  <datafield tag="020" ind1=" " ind2=" ">
    <subfield code="a">9785001953692x</subfield>
  </datafield>
  <datafield tag="041" ind1=" " ind2=" ">
    <subfield code="a">rus</subfield>
  </datafield>
  <datafield tag="080" ind1=" " ind2=" ">
    <subfield code="a">159.922.1 B-16</subfield>
  </datafield>
  <datafield tag="100" ind1=" " ind2=" ">
    <subfield code="a">&#x412;&#x430;&#x43B;&#x44C;&#x434;&#x448;&#x43C;&#x438;&#x434;&#x442;, &#x414;&#x44D;&#x43D;</subfield>
    <subfield code="9">23894</subfield>
  </datafield>
  <datafield tag="245" ind1=" " ind2=" ">
    <subfield code="a">&#x411;&#x423;&#x414;&#x42C; &#x43B;&#x443;&#x447;&#x448;&#x435;&#x439; &#x432;&#x435;&#x440;&#x441;&#x438;&#x435;&#x439; &#x441;&#x435;&#x431;&#x44F; :</subfield>
    <subfield code="b">&#x41A;&#x430;&#x43A; &#x43E;&#x431;&#x44B;&#x447;&#x43D;&#x44B;&#x435; &#x43B;&#x44E;&#x434;&#x438; &#x441;&#x442;&#x430;&#x43D;&#x43E;&#x432;&#x44F;&#x442;&#x441;&#x44F; &#x432;&#x44B;&#x434;&#x430;&#x44E;&#x449;&#x438;&#x43C;&#x438;&#x441;&#x44F; /</subfield>
    <subfield code="c">&#x414;&#x44D;&#x43D; &#x412;&#x430;&#x43B;&#x44C;&#x434;&#x448;&#x43C;&#x438;&#x434;&#x442;.</subfield>
  </datafield>
  <datafield tag="264" ind1=" " ind2=" ">
    <subfield code="a">&#x41C;&#x43E;&#x441;&#x43A;&#x432;&#x430; :</subfield>
    <subfield code="b">&#x41C;&#x430;&#x43D;&#x43D;,&#x418;&#x432;&#x430;&#x43D;&#x43E;&#x432; &#x438; &#x424;&#x435;&#x440;&#x431;&#x435;&#x440;,</subfield>
    <subfield code="c"> 2022.</subfield>
  </datafield>
  <datafield tag="300" ind1=" " ind2=" ">
    <subfield code="a">205 &#x441;&#x442;&#x440;.:</subfield>
    <subfield code="b">&#x438;&#x43B;&#x43B;. ;</subfield>
    <subfield code="c">24 &#x441;&#x43C;.</subfield>
  </datafield>
  <datafield tag="653" ind1=" " ind2=" ">
    <subfield code="a">&#x10E4;&#x10E1;&#x10D8;&#x10E5;&#x10DD;&#x10DA;&#x10DD;&#x10D2;&#x10D8;&#x10D0;</subfield>
  </datafield>
  <datafield tag="942" ind1=" " ind2=" ">
    <subfield code="2">udc</subfield>
    <subfield code="c">&#x1CAC;&#x1C98;&#x1C92;&#x1C9C;&#x1C98;</subfield>
  </datafield>
  <datafield tag="952" ind1=" " ind2=" ">
    <subfield code="0">0</subfield>
    <subfield code="1">0</subfield>
    <subfield code="2">udc</subfield>
    <subfield code="4">0</subfield>
    <subfield code="6">1599221_B16</subfield>
    <subfield code="7">0</subfield>
    <subfield code="9">101338</subfield>
    <subfield code="a">CPL</subfield>
    <subfield code="b">CPL</subfield>
    <subfield code="c">GEN</subfield>
    <subfield code="d">2024-12-06</subfield>
    <subfield code="g">80.00</subfield>
    <subfield code="o">159.922.1 B-16</subfield>
    <subfield code="p">69920</subfield>
    <subfield code="r">2024-12-06</subfield>
    <subfield code="t">69920</subfield>
    <subfield code="w">2024-12-06</subfield>
    <subfield code="y">&#x1CAC;&#x1C98;&#x1C92;&#x1C9C;&#x1C98;</subfield>
    <subfield code="z">80 &#x10DA;.</subfield>
  </datafield>
</record>
